| 000 | 00778nam a2200253 a 4500 | ||
|---|---|---|---|
| 001 | 30235 | ||
| 003 | BD-RjUL | ||
| 005 | 20211209051531.0 | ||
| 008 | 140409s1981 enkab b 001 0 eng d | ||
| 020 | _a0444417761 (vol. 3) | ||
| 020 | _a0444407340 (series) | ||
| 035 | _a(BD-RjUL)30320 | ||
| 040 |
_aSUSA _beng _cSUSA _dBD-RjUL |
||
| 041 | _aeng | ||
| 082 | 0 | 4 |
_a551.608 _220 _bGEN V-3 1981 |
| 245 | 0 | 0 |
_aGeneral climatology / _cedited by H. E. Landsberg. _nVolume 3 : |
| 260 |
_aAmsterdam : _bElsevier, _c1981. |
||
| 300 |
_axi, 408 p. : _bill., maps ; _c30 cm. |
||
| 504 | _aIncludes bibliographical references and indexes. | ||
| 650 | 0 |
_aClimatology. _991695 |
|
| 700 | 1 |
_aLandsberg, H. E. _991895 |
|
| 942 |
_2ddc _cBK |
||
| 999 |
_c30235 _d30235 |
||